Normal view
MARC view
Entry Personal Name
001 - CONTROL NUMBER
- control field: 33668
003 - CONTROL NUMBER IDENTIFIER
- control field: ARRUPE
005 - DATE AND TIME OF LATEST TRANSACTION
- control field: 20170727110230.0
008 - FIXED-LENGTH DATA ELEMENTS
- fixed length control field: 170727|| aca||aabn | a|a d
040 ## - CATALOGING SOURCE
- Original cataloging agency: ARRUPE
- Transcribing agency: ARRUPE
100 ## - HEADING--PERSONAL NAME
- Personal name: Rush, Fred
670 ## - SOURCE DATA FOUND
- Source citation: Work cat.: (ARRUPE)6371: Rush, Fred, The Cambridge to companion to critical theory, 2004